| 000 | 00911nas a2200301 4500 | ||
|---|---|---|---|
| 001 | BR0804666 | ||
| 003 | BR-BrBNA | ||
| 005 | 20231205112401.0 | ||
| 007 | ta | ||
| 008 | 230509b bl.|||p| |||| 00| 00por d | ||
| 040 |
_aBR-BrBNA _bpor _cBiblioteca Nacional de Agricultura |
||
| 041 | _a(Pt) | ||
| 072 | _aE70; Q04 | ||
| 100 | 1 | _aVegro, C.L.R. | |
| 100 | 1 | _aPino, F.A. | |
| 100 | 1 | _aAssumpção, R. de | |
| 245 | 1 | _aQualidade sensorial do café e perfil dos estabelecimentos que servem essa bebida | |
| 650 | _aCAFÉ | ||
| 650 | _aCONSUMO | ||
| 650 | _aPESQUISA DE MERCADO | ||
| 650 | _aPROPRIEDADE ORGANOLÉPTICA | ||
| 650 | _aSALVADOR | ||
| 650 | _aAROMA | ||
| 650 | _aPREÇO | ||
| 773 | 0 |
_tInformações Econômicas - Instituto de Economia Agrícola (Brazil) _xISSN 0100-4409 _g(Dec 2007), v. 37(12) p. 50-58 _wBR0804666 |
|
| 909 |
_a202311 _bLúcia _c55 _dLúcia Elande |
||
| 942 |
_2AGRIS _n0 _cANA |
||
| 999 |
_c197764 _d197764 |
||